LEADER 01097nam0-2200337---450- 001 990009487310403321 005 20111121092837.0 010 $a978-88-7075-699-9 035 $a000948731 035 $aFED01000948731 035 $a(Aleph)000948731FED01 035 $a000948731 100 $a20111121d2010----km-y0itay50------ba 101 0 $aita 102 $aIT 105 $aa-------101yy 200 1 $aPubblica come, pubblica per chi:$eil servizio bibliotecario pubblico tra passato e futuro$fa cura della Biblioteca civica Bertoliana 210 $aMilano$cBibliografica$d2010 215 $a112 p.$cill.$d24 cm 225 1 $a<>cantiere biblioteca$v23 300 $aAtti della Giornata di studi tenuta a Vicenza nel 2009 610 0 $aBiblioteche pubbliche$aServizi$aCongressi$a2009 676 $a027.445$v22$zita 712 02$aBiblioteca civica Bertoliana 801 0$aIT$bUNINA$gREICAT$2UNIMARC 901 $aBK 912 $a990009487310403321 952 $aCollez. 1910 (23)$b47476$fFSPBC 959 $aFSPBC 996 $aPubblica come, pubblica per chi$9247543 997 $aUNINA LEADER 01551nas 2200361 n 450 001 990008934870403321 005 20240229084451.0 011 $a0007-9367 035 $a000893487 035 $aFED01000893487 035 $a(Aleph)000893487FED01 035 $a000893487 091 $2CNR$aP 00145576 100 $a20161109a19319999km-y0itaa50------ba 101 0 $aeng 102 $aUS 110 $aauu-------- 200 1 $aCactus and succulent journal$e(Santa Barbara) 207 1$a1931- 210 $aSanta Barbara, Calif.$c[s.n.] 530 0 $aCactus and succulent journal 676 $a635.9/3347 712 02$aCactus and Succulent Society of America 801 0$aIT$bACNP$c20090723 859 4 $uhttp://acnp.cib.unibo.it/cgi-ser/start/it/cnr/dc-p1.tcl?catno=77249&person=false&language=ITALIANO&libr=&libr_th=unina1$zBiblioteche che possiedono il periodico 901 $aSE 912 $a990008934870403321 958 $aBiblioteca. Orto Botanico. Facoltà di Scienze Matematiche, Fisiche e Naturali dell'Università Federico II$b1980-1982;$fNAP06 959 $aNAP06 996 $aCactus and succulent journal$9796541 997 $aUNINA AP1 8 $6866-01$aNA016 Biblioteca. Orto Botanico. Facoltà di Scienze Matematiche, Fisiche e Naturali dell'Università Federico II$ev. Foria,223, Napoli (NA)$m(081) 449759$m(081) 450165$nit AP2 40$aacnp.cib.unibo.it$nACNP Italian Union Catalogue of Serials$uhttp://acnp.cib.unibo.it/cgi-ser/start/it/cnr/df-p.tcl?catno=77249&language=ITALIANO&libr=&person=&B=1&libr_th=unina&proposto=NO